Which Indo-European Subfamily? - Statistics

General Stats
  • This quiz has been taken 19 times
  • The average score is 18 of 20
Answer Stats
Language Family % Correct
Dutch Germanic
100%
English Germanic
100%
German Germanic
100%
Swedish Germanic
100%
Greek Hellenic
100%
French Romance
100%
Romanian Romance
100%
Spanish Romance
100%
Macedonian Slavic
100%
Russian Slavic
100%
Sorbian Slavic
100%
Albanian Albanian
94%
Armenian Armenian
94%
Lithuanian Baltic
94%
Welsh Celtic
94%
Persian Indo-Iranian
76%
Gujarati Indo-Aryan
65%
Hindi Indo-Aryan
65%
Romani Indo-Aryan
59%
Ossetian Indo-Iranian
47%
No matching quizzes found
Score Distribution
Percent of People with Each Score
Percentile by Number Answered
Your Score History
You have not taken this quiz